Military Aircraft Nicknames - Statistics

General Stats
  • This quiz has been taken 66 times
    57 since last reset
  • The average score is 15 of 22
Answer Stats
Hint Answer % Correct
F-18 Hornet
96%
F-14 Tomcat
96%
F-16 Falcon
94%
A-10 Warthog
94%
F-22 Raptor
92%
F-15 Eagle
90%
F-35 Lightning II
90%
B-2 Spirit
90%
P-51 Mustang
88%
UH-60 Blackhawk
72%
B-17 Flying Fortress
68%
Su-57 Felon
66%
F-104 Starfighter
56%
A6E Intruder
52%
F-5 Tiger
52%
Mig 29 Fulcrum
50%
Su-27 Flanker
48%
Su-25 Frogfoot
48%
F4U Corsair
44%
A6M2 Zero
40%
Mig-21 Fishbed
30%
B-24 Liberator
30%
No matching quizzes found
Score Distribution
Percent of People with Each Score
Percentile by Number Answered
Your Score History
You have not taken this quiz since the last reset